Quản lý công tác giáo dục sức khoẻ sinh sản cho học sinh THCS huyện Hoà Vang thành phố Đà Nẵng

Trên cơ sở nghiên cứu lý luận và khảo sát thực trạng quản lý công tác giáo dục SKSS cho học sinh các trường THCS trên đia bàn huyện Hòa Vang, thành phố Đà Nẵng, luận văn đề xuất các biện pháp quản lý công tác giáo dục SKSS cho học sinh THCS....

Fuld beskrivelse

Đã lưu trong:
Bibliografiske detaljer
Hovedforfatter: Phan Hữu Dũng
Andre forfattere: Phùng Đình Mẫn PGS.TS (Hướng dẫn)
Format: Bog
Sprog:Vietnamese
Udgivet: Đà Nẵng Đại học Đà Nẵng 2014
Fag:
Tags: Tilføj Tag
Ingen Tags, Vær først til at tagge denne postø!
Thư viện lưu trữ: Mạng thư viện Đại học Đà Nẵng
LEADER 01869nam a2200361 4500
001 000020068
003 16509
005 20150313090350.0
008 150107s2014 viesd
041 |a vie 
082 1 4 |a 373.0111  |b PH-D 
100 1 |a Phan Hữu Dũng 
245 1 |a Quản lý công tác giáo dục sức khoẻ sinh sản cho học sinh THCS huyện Hoà Vang thành phố Đà Nẵng  |c Phan Hữu Dũng ; Phùng Đình Mẫn hướng dẫn.  |k Luận văn Thạc sĩ 
260 |a Đà Nẵng  |b Đại học Đà Nẵng  |c 2014 
300 |a 115 tr., phụ lục 10 tr.  |c 29 cm.  |e Tóm tắt 
500 |a Luận văn thạc sĩ Khoa học. Chuyên ngành: Quản lý giáo dục. Mã số: 60.14.05 
520 3 |a Trên cơ sở nghiên cứu lý luận và khảo sát thực trạng quản lý công tác giáo dục SKSS cho học sinh các trường THCS trên đia bàn huyện Hòa Vang, thành phố Đà Nẵng, luận văn đề xuất các biện pháp quản lý công tác giáo dục SKSS cho học sinh THCS. 
650 0 4 |a Quản lý giáo dục trung học  |v Luận văn tốt nghiệp  |x Học sinh  |x Giáo dục sức khỏe sinh sản  |z Đà Nẵng 
653 |a Giáo dục sức khỏe sinh sản 
653 |a Giáo dục trung học 
653 |a Quản lý giáo dục 
653 |a Học sinh 
700 1 |a Phùng Đình Mẫn  |c PGS.TS  |e Hướng dẫn 
OWN |a LSP 
AVA |a UDN50  |b LSP  |d 373.0111 PH-D  |e available  |t Error 5001 Not defined in file expand_doc_bib_avail.  |f 1  |g 0  |h N  |i 0  |k 1 
999 |a From the UDN01 
AVA |a UDN50  |b LSP  |d 373.0111 PH-D  |e available  |t Error 5001 Not defined in file expand_doc_bib_avail.  |f 1  |g 0  |h N  |i 0  |k 1 
TYP |a Monograph 
TYP |a Printed language 
980 |a Mạng thư viện Đại học Đà Nẵng